[Event "KP 2017-18, Jicin B - Vrchlabi"]
[Site "?"]
[Date "2018.01.07"]
[Round "5.7"]
[White "Lajbl, Jan"]
[Black "Trojan, Ondrej"]
[Result "1-0"]
[WhiteElo "1855"]
[BlackElo "1861"]
[PlyCount "65"]
[EventDate "2017.12.03"]
[WhiteTeam "SK AD Jicin B"]
[BlackTeam "Spartak Vrchlabi"]

1. Nf3 d5 2. c4 Nf6 3. cxd5 Nxd5 4. e4 Nb6 5. d4 g6 6. Be2 Bg7 7. h3 Nc6 8. Be3
a6 9. O-O O-O 10. Nc3 e6 11. Qd2 Ne7 12. a4 Nd7 13. b4 b6 14. b5 a5 15. Rac1
Bb7 16. Rfd1 Nf6 17. Qc2 c6 18. e5 Nfd5 19. Nxd5 cxd5 20. Qc7 Rb8 21. Bg5 Qxc7
22. Rxc7 Nf5 23. g4 Nh6 24. Rdc1 Rfc8 25. Rxc8+ Bxc8 26. Rc6 Bd7 27. Rd6 Be8
28. Rd8 Rxd8 29. Bxd8 Bf8 30. Bxb6 Bb4 31. Bc5 Bc3 32. b6 Bc6 33. Ba6 1-0

[Event "KP 2017-18, Jicin B - Vrchlabi"]
[Site "?"]
[Date "2018.01.07"]
[Round "5.8"]
[White "Janak, Jaroslav"]
[Black "Fojt, Petr"]
[Result "0-1"]
[WhiteElo "1759"]
[BlackElo "1827"]
[PlyCount "56"]
[EventDate "2017.12.03"]
[WhiteTeam "Spartak Vrchlabi"]
[BlackTeam "SK AD Jicin B"]

1. f4 c5 2. Nf3 d5 3. e3 Nf6 4. Bb5+ Bd7 5. Bxd7+ Qxd7 6. O-O Nc6 7. b3 e6 8.
Bb2 Bd6 9. d3 Rd8 10. Ne5 Qe7 11. Nd2 Bxe5 12. fxe5 Nd7 13. d4 O-O 14. c3 b5
15. e4 dxe4 16. Nxe4 cxd4 17. cxd4 Ndxe5 18. Qh5 Nd3 19. Rf3 Rd5 20. Qg4 f5 21.
Qh3 Nxb2 22. Raf1 Rxd4 23. Nf2 Rf6 24. Rc3 Qd6 25. Qe3 Nd1 26. Nxd1 Rxd1 27.
Rxd1 Qxd1+ 28. Kf2 f4 0-1

[Event "KP 2017-18, Horice - Jicin B"]
[Site "?"]
[Date "2018.01.21"]
[Round "6.1"]
[White "Tazlar, Petr"]
[Black "Kabelka, Ondrej"]
[Result "1-0"]
[WhiteElo "2251"]
[BlackElo "2026"]
[PlyCount "123"]
[EventDate "2018.01.21"]

1. Nf3 Nf6 2. c4 g6 3. g3 Bg7 4. Bg2 O-O 5. O-O c6 6. d4 d5 7. Nbd2 Ne4 8. e3
Nxd2 9. Nxd2 dxc4 10. Nxc4 Be6 11. b3 Bd5 12. Ba3 Re8 13. Qc2 Bxg2 14. Kxg2
Qd5+ 15. f3 Na6 16. Rad1 Rad8 17. Bb2 Nc7 18. Rfe1 Ne6 19. h4 Qh5 20. Rh1 c5
21. d5 Nc7 22. e4 Bxb2 23. Qxb2 Nb5 24. g4 Qh6 25. h5 Qg7 26. Qxg7+ Kxg7 27.
h6+ Kf8 28. Na5 Rd7 29. Rc1 Rc7 30. Rhd1 Rec8 31. e5 g5 32. a4 Na3 33. Nc4 Nxc4
34. bxc4 b6 35. Rb1 f6 36. e6 Ke8 37. Rb5 Kd8 38. Rdb1 Rb7 39. a5 Kc7 40. Kg3
Rg8 41. axb6+ axb6 42. Ra1 Rg6 43. Ra8 Rxh6 44. Re8 Kd6 45. Rd8+ Kc7 46. Rd7+
Kc8 47. Rxb7 Kxb7 48. d6 Rg6 49. dxe7 Rg8 50. f4 Re8 51. f5 Rxe7 52. Rb1 Kc6
53. Ra1 Kb7 54. Kf3 Kc6 55. Ra8 Kd6 56. Ke4 Rc7 57. Rb8 Ke7 58. Rxb6 Kf8 59.
Kd5 Ke7 60. Rb8 h6 61. Rh8 h5 62. Rxh5 1-0

[Event "KP 2017-18, Horice - Jicin B"]
[Site "?"]
[Date "2018.01.21"]
[Round "6.2"]
[White "Vitova, Anna"]
[Black "Sucharda, David"]
[Result "0-1"]
[WhiteElo "1733"]
[BlackElo "2031"]
[PlyCount "88"]
[EventDate "2018.01.21"]

1. e4 c5 2. Nf3 d6 3. d4 cxd4 4. Nxd4 Nf6 5. Nc3 a6 6. Be3 e5 7. Nb3 Be6 8. f3
Be7 9. Qd2 O-O 10. O-O-O Nbd7 11. Kb1 b5 12. a3 Nb6 13. Bxb6 Qxb6 14. Nd5 Bxd5
15. exd5 a5 16. h4 Rfc8 17. g4 a4 18. Nc1 Rc5 19. Bd3 Rac8 20. h5 Nxd5 21. Bf5
R8c7 22. Na2 Nf4 23. Nb4 d5 24. Rhe1 Bd6 25. g5 d4 26. Rh1 Rc4 27. c3 Be7 28.
g6 fxg6 29. hxg6 hxg6 30. Be4 Bxb4 31. cxb4 Qe6 32. Qh2 d3 33. Qh8+ Kf7 34. Rh7
Qf6 35. Rxd3 Rc1+ 36. Ka2 Nxd3 37. Bd5+ Ke7 38. Rxg7+ Kd6 39. Rd7+ Rxd7 40.
Qxf6+ Kxd5 41. Qxg6 Rd1 42. Qg8+ Kd6 43. Qb8+ Ke7 44. Qxb5 Nc1+ 0-1

[Event "KP 2017-18, Horice - Jicin B"]
[Site "?"]
[Date "2018.01.21"]
[Round "6.2"]
[White "Flasar, Jaroslav"]
[Black "Buchar, Petr"]
[Result "1/2-1/2"]
[WhiteElo "2060"]
[BlackElo "1951"]
[PlyCount "23"]
[EventDate "2018.01.21"]

1. e4 c5 2. Nf3 Nc6 3. d4 cxd4 4. Nxd4 Nf6 5. Nc3 e5 6. Ndb5 d6 7. Be3 a6 8.
Na3 b5 9. Nd5 Nxd5 10. exd5 Ne7 11. c4 Nf5 12. Bd2 1/2-1/2

[Event "KP 2017-18, Horice - Jicin B"]
[Site "?"]
[Date "2018.01.21"]
[Round "6.4"]
[White "Kohout, Jan"]
[Black "Matonoha, Ctirad"]
[Result "1/2-1/2"]
[WhiteElo "1913"]
[BlackElo "2026"]
[PlyCount "21"]
[EventDate "2018.01.21"]

1. d4 Nf6 2. Nf3 d5 3. c4 e6 4. Nc3 c6 5. Bg5 h6 6. Bh4 dxc4 7. a4 Nbd7 8. e3
Be7 9. Bxc4 O-O 10. O-O c5 11. Rc1 1/2-1/2

[Event "KP 2017-18, Horice - Jicin B"]
[Site "?"]
[Date "2018.01.21"]
[Round "6.5"]
[White "Sedivy, Ales"]
[Black "Lajbl, Jan"]
[Result "1-0"]
[WhiteElo "1910"]
[BlackElo "1855"]
[PlyCount "61"]
[EventDate "2018.01.21"]

1. f4 Nf6 2. Nf3 d5 3. e3 c5 4. b3 e6 5. Bb2 Nc6 6. Bb5 Be7 7. Bxc6+ bxc6 8.
Qe2 a5 9. Nc3 O-O 10. Ne5 Qc7 11. Na4 Ba6 12. c4 Rfc8 13. O-O Rab8 14. Ba3 Qa7
15. Rac1 dxc4 16. bxc4 Nd5 17. d3 Nb4 18. Nc3 f6 19. Ng4 Rd8 20. Rfd1 Rd7 21.
Rd2 Rbd8 22. Rcd1 f5 23. Nf2 Bf6 24. Na4 e5 25. Bb2 e4 26. dxe4 Bxb2 27. Nxb2
fxe4 28. Nxe4 Nxa2 29. Nf6+ gxf6 30. Qg4+ Kh8 31. Rxd7 1-0

[Event "KP 2017-18, Horice - Jicin B"]
[Site "?"]
[Date "2018.01.21"]
[Round "6.6"]
[White "Fojt, Petr"]
[Black "Lustinec, Vladimir"]
[Result "0-1"]
[WhiteElo "1827"]
[BlackElo "1957"]
[PlyCount "63"]
[EventDate "2018.01.21"]

1. e4 e5 2. Nf3 Nc6 3. Bc4 h6 4. d4 exd4 5. c3 d3 6. Qb3 Qe7 7. Bxd3 d6 8. O-O
Nf6 9. Bf4 Nd7 10. Bb5 g5 11. Bg3 Bg7 12. Nbd2 O-O 13. Bxc6 bxc6 14. Nd4 Nc5
15. Nxc6 Qe8 16. Qc2 Qxc6 17. Rae1 Ne6 18. h4 Be5 19. hxg5 hxg5 20. Nf3 f6 21.
Qb3 Kg7 22. Rd1 Qb6 23. Bxe5 dxe5 24. Qd5 Bb7 25. Qd7+ Rf7 26. Qa4 Nc5 27. Qc4
Nxe4 28. Rde1 Qc6 29. Qd3 Nc5 30. Qf5 Qe6 31. Qc2 Bxf3 32. gxf3 0-1

[Event "KP 2017-18, Horice - Jicin B"]
[Site "?"]
[Date "2018.01.21"]
[Round "6.7"]
[White "Kaspar, Ladislav"]
[Black "Sajdl, Jan"]
[Result "1/2-1/2"]
[WhiteElo "1751"]
[BlackElo "1731"]
[PlyCount "117"]
[EventDate "2018.01.21"]

1. d4 d5 2. c4 e6 3. Nc3 Bb4 4. Nf3 dxc4 5. e4 b5 6. a4 c6 7. Bd2 a5 8. d5 exd5
9. exd5 cxd5 10. Nxb5 Nf6 11. Bxb4 axb4 12. Bxc4 dxc4 13. Nd6+ Kf8 14. O-O Ra6
15. Nxc8 Qxc8 16. Qd4 Nbd7 17. Rfc1 Qc5 18. Qf4 Rc6 19. a5 g6 20. Qh6+ Ke7 21.
Re1+ Re6 22. Qg7 Rf8 23. a6 Ne4 24. Nd4 Re5 25. Rad1 Ndf6 26. a7 Ra8 27. f3
Rxa7 28. fxe4 Rd7 29. Rf1 Rd6 30. Kh1 Rxe4 31. Nf3 Rxd1 32. Rxd1 c3 33. bxc3
bxc3 34. Qh8 c2 35. Qd8+ Ke6 36. Rc1 h6 37. Qd3 Qe3 38. Qxc2 Ng4 39. Qa2+ Kf6
40. Qb2+ Ne5 41. h3 g5 42. Rc6+ Kg7 43. Rc8 Qf4 44. Re8 Kf6 45. Rg8 Qe3 46. Qa1
Kf5 47. Rf8 Kg6 48. Rg8+ Kf5 49. Rf8 f6 50. g4+ Kf4 51. Rxf6+ Kg3 52. Nxe5 Rxe5
53. Qf1 Qe1 54. Rf3+ Kh4 55. Kg1 Qxf1+ 56. Kxf1 Re6 57. Kf2 Ra6 58. Rc3 Ra2+
59. Kg1 1/2-1/2

[Event "KP 2017-18, Horice - Jicin B"]
[Site "?"]
[Date "2018.01.21"]
[Round "6.8"]
[White "Kriz, Milan"]
[Black "Sucharda, Tomas"]
[Result "1/2-1/2"]
[WhiteElo "1655"]
[BlackElo "1700"]
[PlyCount "139"]
[EventDate "2018.01.21"]

1. d4 Nf6 2. c4 e6 3. Nf3 b6 4. Nc3 Bb7 5. e3 d5 6. Bd3 Nbd7 7. Qc2 Bd6 8. Nb5
O-O 9. Nxd6 cxd6 10. b3 Rc8 11. Ba3 dxc4 12. bxc4 Qc7 13. Qb3 Rfd8 14. Rc1 e5
15. Be2 Nf8 16. Bb2 Ng6 17. d5 Ne4 18. h4 Qe7 19. Qd1 Nc5 20. Nd2 Nxh4 21. g3
Ng6 22. e4 Rc7 23. Ba3 Bc8 24. Bxc5 Rxc5 25. Nb3 Rc7 26. Qd2 f5 27. Qc3 Rf8 28.
Nd2 f4 29. Qf3 fxg3 30. Qh5 g2 31. Rg1 Qh4 32. Qxh4 Nxh4 33. Rc3 Rcf7 34. f3 g5
35. Kf2 Kg7 36. Kg3 Kg6 37. a3 h5 38. a4 Kh6 39. Ra3 Ng6 40. Rxg2 Nf4 41. Rh2
Nxe2+ 42. Rxe2 h4+ 43. Kg2 g4 44. Ree3 Kh5 45. a5 gxf3+ 46. Rxf3 Rxf3 47. Nxf3
Rf4 48. axb6 axb6 49. Ra8 Bh3+ 50. Kxh3 Rxf3+ 51. Kg2 Rf4 52. Rd8 Rxe4 53. Rxd6
Rxc4 54. Rxb6 Rd4 55. d6 Kg4 56. Rb5 e4 57. Re5 Rd2+ 58. Kf1 Kf3 59. Rf5+ Ke3
60. Rh5 Rxd6 61. Rxh4 Rd1+ 62. Kg2 Kd3 63. Rh8 e3 64. Rd8+ Ke2 65. Ra8 Ke1 66.
Ra3 e2 67. Ra2 Rd3 68. Ra1+ Kd2 69. Kf2 Rc3 70. Ra2+ 1/2-1/2

[Event "KP 2017-18, Trebechovice - Slavia HK C"]
[Site "Trebechovice p.O."]
[Date "2018.01.21"]
[Round "6.1"]
[White "Kracik, Tomas"]
[Black "Solc, Filip"]
[Result "1/2-1/2"]
[WhiteElo "2230"]
[BlackElo "1999"]
[PlyCount "64"]
[EventDate "2018.01.21"]

1. e4 c5 2. Nf3 e6 3. d3 Nc6 4. g3 d5 5. Nbd2 g6 6. Bg2 Bg7 7. O-O Nge7 8. c3
O-O 9. Qe2 b5 10. exd5 exd5 11. Nb3 c4 12. dxc4 dxc4 13. Nbd4 Bf5 14. Nxf5 Nxf5
15. Nh4 Nxh4 16. Bxc6 Rc8 17. Qe4 Nf5 18. Bf4 Qb6 19. Bd7 Rcd8 20. Rad1 Nd4 21.
Be3 Rxd7 22. Bxd4 Bxd4 23. Rxd4 Rxd4 24. cxd4 Rd8 25. Rd1 b4 26. d5 c3 27. Qc2
Qc5 28. bxc3 bxc3 29. Rd3 Rxd5 30. Rxc3 Rd1+ 31. Qxd1 Qxc3 32. Qd5 a5 1/2-1/2

[Event "KP 2017-18, Trebechovice - Slavia HK C"]
[Site "Trebechovice p.O."]
[Date "2018.01.21"]
[Round "6.2"]
[White "Tichy, Miroslav"]
[Black "Sedlacek, Jan"]
[Result "1/2-1/2"]
[WhiteElo "2020"]
[BlackElo "1869"]
[PlyCount "85"]
[EventDate "2018.01.21"]

1. e4 c5 2. Nc3 Nc6 3. g3 g6 4. Bg2 Bg7 5. d3 e6 6. Be3 d6 7. Qd2 Nge7 8. Bh6
O-O 9. h4 Bxh6 10. Qxh6 Kh8 11. O-O-O Nd4 12. Qd2 Ng8 13. f4 h6 14. Nce2 Nxe2+
15. Nxe2 e5 16. Bf3 a5 17. Qe3 f6 18. g4 Kg7 19. Ng3 Rf7 20. Rdg1 Kf8 21. Bd1
b5 22. Rf1 Raa7 23. Kb1 b4 24. Rh2 a4 25. Rhf2 Ke8 26. fxe5 fxe5 27. g5 hxg5
28. hxg5 a3 29. b3 Rxf2 30. Qxf2 Qe7 31. Nh1 Bh3 32. Rg1 Qh7 33. Qg3 Rf7 34.
Nf2 Be6 35. Rh1 Qg7 36. Kc1 Rf4 37. Kd2 Qf7 38. Ke3 Qg7 39. Be2 Rf8 40. Rh4 Qf7
41. Qh2 Ne7 42. Rh7 Qf4+ 43. Qxf4 1/2-1/2

[Event "KP 2017-18, Trebechovice - Slavia HK C"]
[Site "Trebechovice p.O."]
[Date "2018.01.21"]
[Round "6.3"]
[White "Slavik, Jan"]
[Black "Jaeger, Ludek"]
[Result "1/2-1/2"]
[WhiteElo "1909"]
[BlackElo "1989"]
[PlyCount "69"]
[EventDate "2018.01.21"]

1. e4 c5 2. Nf3 d6 3. d4 cxd4 4. Qxd4 Nc6 5. Bb5 Qa5+ 6. Nc3 Bd7 7. Bxc6 bxc6
8. O-O Nf6 9. Bd2 Qb6 10. Qxb6 axb6 11. a4 e5 12. b4 Be7 13. Rfd1 O-O 14. h3
Be6 15. Be3 Nd7 16. b5 c5 17. Nd5 Bxd5 18. exd5 f5 19. Ra3 h6 20. Bc1 Ra7 21.
Bb2 Rfa8 22. Rda1 Nf6 23. c4 Ne4 24. Kf1 Bd8 25. Ke2 g5 26. Nd2 Nxd2 27. Kxd2
Kf7 28. Bc3 Kg6 29. Kc2 f4 30. Kb3 Kf5 31. f3 h5 32. R3a2 Bc7 33. Rh1 Rg8 34.
Rha1 Rga8 35. Rh1 1/2-1/2

[Event "KP 2017-18, Trebechovice - Slavia HK C"]
[Site "Trebechovice p.O."]
[Date "2018.01.21"]
[Round "6.4"]
[White "Marek, Petr"]
[Black "Krasa, Marek"]
[Result "1-0"]
[WhiteElo "1938"]
[BlackElo "1695"]
[PlyCount "141"]
[EventDate "2018.01.21"]

1. e4 c5 2. Nc3 a6 3. a4 Nc6 4. f4 e6 5. Bc4 Nge7 6. d3 d5 7. Bb3 Nd4 8. Ba2
dxe4 9. Nxe4 Ng6 10. Nf3 Nh4 11. Nxd4 Qxd4 12. Qe2 Qxa4 13. O-O Nf5 14. c3 Qc6
15. g4 Nd6 16. Ng3 b5 17. f5 c4 18. d4 Be7 19. Bf4 O-O 20. g5 f6 21. g6 Bb7 22.
gxh7+ Kh8 23. fxe6 Ne4 24. Nxe4 Qxe4 25. Qxe4 Bxe4 26. Bb1 Bd5 27. Bf5 Rfc8 28.
h4 a5 29. h5 Ra6 30. Rfe1 Rcc6 31. Kf2 a4 32. Rg1 Ra8 33. h6 g5 34. Rxg5 Bxe6
35. Be4 Rf8 36. Rg7 Bd6 37. Bxc6 Bxf4 38. Rag1 Bxh6 39. Re7 Bf5 40. Bxb5 Rb8
41. Re8+ Rxe8 42. Bxe8 Bc2 43. Bb5 Bb3 44. d5 Bf4 45. Kf3 Be5 46. Ke4 Kxh7 47.
Kf5 a3 48. bxa3 Bxc3 49. d6 Ba5 50. Kxf6 c3 51. Bd3+ Kh8 52. Ke7 Bb6 53. d7
Bc5+ 54. Kf6 Bb6 55. Rh1+ Kg8 56. Bf5 Bd8+ 57. Ke5 Bc7+ 58. Kd4 c2 59. Kc3 Ba4
60. Kb4 Bc6 61. Rc1 Bd8 62. Be6+ Kf8 63. Rxc2 Be4 64. Rd2 Ke7 65. Bg4 Bc6 66.
a4 Bc7 67. a5 Kd8 68. Kc5 Ba4 69. a6 Bb8 70. Kb6 Bc7+ 71. Kb7 1-0

[Event "KP 2017-18, Trebechovice - Slavia HK C"]
[Site "Trebechovice p.O."]
[Date "2018.01.21"]
[Round "6.5"]
[White "Chmelar, Vitezslav"]
[Black "Pribik, Petr"]
[Result "1/2-1/2"]
[WhiteElo "1825"]
[BlackElo "1882"]
[PlyCount "47"]
[EventDate "2018.01.21"]

1. e4 c5 2. Nf3 Nc6 3. Bb5 Qc7 4. Nc3 e6 5. O-O a6 6. Be2 g6 7. b3 Bg7 8. Bb2
Nf6 9. d3 O-O 10. a4 d5 11. exd5 exd5 12. Re1 Re8 13. Bf1 Bg4 14. Rxe8+ Rxe8
15. h3 Bxf3 16. Qxf3 Nd4 17. Qd1 Qd7 18. Ne2 Nc6 19. Ng3 d4 20. Qd2 Nb4 21. Ba3
a5 22. Be2 b6 23. Bf3 Nfd5 24. Bxd5 1/2-1/2

[Event "KP 2017-18, Trebechovice - Slavia HK C"]
[Site "Trebechovice p.O."]
[Date "2018.01.21"]
[Round "6.6"]
[White "Picek, Ivan"]
[Black "Mares, Ilja"]
[Result "1-0"]
[WhiteElo "1780"]
[BlackElo "1793"]
[PlyCount "59"]
[EventDate "2018.01.21"]

1. d4 Nf6 2. c4 e6 3. Nf3 b6 4. Nc3 d5 5. Bg5 Be7 6. e3 Bb7 7. Rc1 O-O 8. Bd3
Nbd7 9. O-O Rc8 10. Qe2 c5 11. cxd5 exd5 12. Rfd1 c4 13. Bf5 g6 14. Bh3 Re8 15.
Ne5 Ra8 16. Nxd7 Nxd7 17. Bxe7 Qxe7 18. b3 cxb3 19. axb3 a6 20. Qf3 f5 21. Nxd5
Qf7 22. Ne7+ Qxe7 23. Qxb7 Reb8 24. Qc7 Kf7 25. e4 Rc8 26. Qb7 Rcb8 27. Qd5+
Qe6 28. Qxe6+ Kxe6 29. exf5+ gxf5 30. Re1+ 1-0

[Event "KP 2017-18, Trebechovice - Slavia HK C"]
[Site "Trebechovice p.O."]
[Date "2018.01.21"]
[Round "6.7"]
[White "Kracik, Martin"]
[Black "Steiner, Pavel"]
[Result "0-1"]
[WhiteElo "1790"]
[BlackElo "1706"]
[PlyCount "76"]
[EventDate "2018.01.21"]

1. e4 c6 2. d4 d5 3. exd5 cxd5 4. c3 Nf6 5. Bd3 Bg4 6. f3 Bh5 7. Qb3 Qd7 8. Bf4
Nc6 9. Ne2 e6 10. Nd2 Be7 11. O-O O-O 12. Qc2 Bg6 13. Rae1 Rac8 14. Qb1 b5 15.
a3 a5 16. Bxg6 hxg6 17. Qd3 b4 18. axb4 axb4 19. Ra1 Qb7 20. Ra6 bxc3 21. bxc3
Ra8 22. Rfa1 Rxa6 23. Rxa6 Nb8 24. Ra1 Nbd7 25. Rb1 Qa7 26. Qb5 Ra8 27. g4 Ne8
28. Kg2 Nd6 29. Bxd6 Bxd6 30. c4 dxc4 31. Nxc4 Rb8 32. Qc6 Rxb1 33. Nxd6 Rb2
34. Qc8+ Nf8 35. Qc4 Qb8 36. Ne4 Nd7 37. N4g3 Nb6 38. h4 Nxc4 0-1

[Event "KP 2017-18, Trebechovice - Slavia HK C"]
[Site "Trebechovice p.O."]
[Date "2018.01.21"]
[Round "6.8"]
[White "Valik, Ondrej"]
[Black "Pribyl, Michal"]
[Result "1/2-1/2"]
[WhiteElo "1555"]
[BlackElo "1736"]
[PlyCount "81"]
[EventDate "2018.01.21"]

1. c4 f5 2. Nf3 Nf6 3. Nc3 e6 4. a3 Be7 5. g3 O-O 6. Bg2 c6 7. d3 d5 8. cxd5
exd5 9. e3 Qe8 10. O-O Nbd7 11. Re1 Qh5 12. e4 fxe4 13. dxe4 dxe4 14. Nxe4 Nd5
15. b4 N7f6 16. Qb3 Nxe4 17. Rxe4 Bf6 18. Ra2 Kh8 19. Bb2 Bxb2 20. Rxb2 Bf5 21.
Re5 Rae8 22. Rbe2 Rxe5 23. Rxe5 Qf7 24. Nd4 Bh3 25. f4 Bxg2 26. Kxg2 Qg6 27. f5
Qf6 28. Re4 g6 29. g4 gxf5 30. Nxf5 Qg5 31. Qb2+ Kg8 32. h4 Qf6 33. Qxf6 Rxf6
34. Kg3 Kf7 35. Nd4 Nc7 36. Rf4 Ne6 37. Nxe6 Kxe6 38. Rxf6+ Kxf6 39. Kf4 b6 40.
Ke4 h6 41. Kf4 1/2-1/2

[Event "KP 2017-18, Lipa B - Jaromer"]
[Site "?"]
[Date "2018.01.21"]
[Round "6.1"]
[White "Fiedler, Bedrich"]
[Black "Cech, Pavel"]
[Result "1/2-1/2"]
[WhiteElo "2109"]
[BlackElo "2372"]
[PlyCount "33"]
[EventDate "2018.??.??"]

1. d4 d5 2. Nf3 Nf6 3. c4 c6 4. Nc3 dxc4 5. a4 Bf5 6. e3 e6 7. Bxc4 Bb4 8. O-O
O-O 9. Qe2 Nbd7 10. Ne5 h6 11. Rd1 Qc7 12. e4 Bh7 13. Nxd7 Qxd7 14. f3 a5 15.
Be3 Rfd8 16. Rac1 Rac8 17. Na2 1/2-1/2

[Event "KP 2017-18, Lipa B - Jaromer"]
[Site "?"]
[Date "2018.01.21"]
[Round "6.2"]
[White "Jecha, Vratislav"]
[Black "Vlach, Karel"]
[Result "1/2-1/2"]
[WhiteElo "2075"]
[BlackElo "2108"]
[PlyCount "40"]
[EventDate "2018.??.??"]

1. e4 d6 2. d4 e5 3. Nf3 Nd7 4. Be2 Ngf6 5. Nc3 Be7 6. O-O O-O 7. h3 c6 8. Be3
Re8 9. Qd2 b5 10. a3 a6 11. dxe5 dxe5 12. Rad1 Qc7 13. Nh2 Nc5 14. f3 Be6 15.
Ng4 Nxg4 16. hxg4 Rad8 17. Qe1 Nb7 18. Qf2 Rxd1 19. Rxd1 Rd8 20. g3 Rxd1+
1/2-1/2

[Event "KP 2017-18, Lipa B - Jaromer"]
[Site "?"]
[Date "2018.01.21"]
[Round "6.3"]
[White "Kaisler, Martin"]
[Black "Prouza, Tomas"]
[Result "1-0"]
[WhiteElo "2049"]
[BlackElo "1941"]
[PlyCount "65"]
[EventDate "2018.??.??"]

1. d4 Nf6 2. c4 e6 3. g3 Bb4+ 4. Bd2 Bxd2+ 5. Nxd2 O-O 6. Bg2 d5 7. Ngf3 c6 8.
O-O Nbd7 9. Rc1 Re8 10. e3 e5 11. cxd5 Nxd5 12. dxe5 Nxe5 13. Qb3 Nxf3+ 14.
Nxf3 Qe7 15. Nd4 Rd8 16. Rxc6 Be6 17. Nxe6 bxc6 18. Nxd8 Rxd8 19. Rd1 Nf6 20.
Rxd8+ Qxd8 21. Bxc6 h6 22. Bf3 Qa5 23. Kg2 Qe5 24. Qb7 a5 25. b4 axb4 26. Qxb4
g5 27. a4 Qe6 28. a5 g4 29. Bb7 Nd5 30. Bxd5 Qxd5+ 31. e4 Qe6 32. Qb8+ Kh7 33.
Qf4 1-0

[Event "KP 2017-18, Lipa B - Jaromer"]
[Site "?"]
[Date "2018.01.21"]
[Round "6.4"]
[White "Prouza, Pavel"]
[Black "Novak, Ludek"]
[Result "1/2-1/2"]
[WhiteElo "1963"]
[BlackElo "1946"]
[PlyCount "41"]
[EventDate "2018.??.??"]

1. Nf3 g6 2. c4 Bg7 3. d4 c5 4. d5 d6 5. e4 Nf6 6. Nc3 O-O 7. Be2 e6 8. dxe6
fxe6 9. O-O Nc6 10. h3 e5 11. Bg5 Nd4 12. Qd2 Be6 13. b3 Qd7 14. Bxf6 Rxf6 15.
Ng5 Bh6 16. h4 Raf8 17. Nb5 Bxg5 18. hxg5 Rf4 19. Nxd4 cxd4 20. g3 R4f7 21. f3
1/2-1/2

[Event "KP 2017-18, Lipa B - Jaromer"]
[Site "?"]
[Date "2018.01.21"]
[Round "6.5"]
[White "Nemec, Otakar"]
[Black "Bem, David"]
[Result "1-0"]
[WhiteElo "1898"]
[BlackElo "1891"]
[PlyCount "75"]
[EventDate "2018.??.??"]

1. e4 e5 2. Nf3 Nc6 3. Bb5 a6 4. Ba4 Nf6 5. O-O d6 6. Re1 Be7 7. c3 O-O 8. h3
b5 9. Bb3 Na5 10. Bc2 c5 11. d4 Qc7 12. Nbd2 cxd4 13. cxd4 Bd7 14. Nf1 Rfc8 15.
Bd3 Nc6 16. Be3 exd4 17. Nxd4 Ne5 18. f4 Nxd3 19. Qxd3 d5 20. e5 Ne4 21. Rac1
Qb7 22. Nd2 Bb4 23. a3 Bxd2 24. Bxd2 Rc4 25. Be3 Rac8 26. Kh2 b4 27. Rcd1 Nc5
28. Qe2 bxa3 29. bxa3 Ne4 30. Rb1 Qc7 31. Rb3 h6 32. Qb2 Ba4 33. Rb7 Qa5 34.
Qe2 Bc6 35. Ra7 Qc5 36. Nf5 d4 37. Qg4 g6 38. Nxh6+ 1-0

[Event "KP 2017-18, Lipa B - Jaromer"]
[Site "?"]
[Date "2018.01.21"]
[Round "6.6"]
[White "Kudr, Roman"]
[Black "Tsapanidis, Vasilis"]
[Result "1/2-1/2"]
[WhiteElo "1917"]
[BlackElo "1819"]
[PlyCount "48"]
[EventDate "2018.??.??"]

1. e4 e6 2. d4 d5 3. Nc3 Bb4 4. exd5 Qxd5 5. Nf3 Bxc3+ 6. bxc3 Ne7 7. Bd3 O-O
8. O-O c5 9. Ba3 b6 10. Re1 Nbc6 11. Be4 Qd8 12. dxc5 Bb7 13. Qxd8 Rfxd8 14.
cxb6 Nd5 15. Nd4 axb6 16. Bb2 Ra4 17. Bd3 Nxd4 18. cxd4 Nb4 19. Red1 Nxd3 20.
Rxd3 Bd5 21. a3 Rc8 22. Rd2 b5 23. Re1 Rac4 24. c3 f6 1/2-1/2

[Event "KP 2017-18, Lipa B - Jaromer"]
[Site "?"]
[Date "2018.01.21"]
[Round "6.7"]
[White "Portych, Vaclav"]
[Black "Kunes, Jan"]
[Result "1-0"]
[WhiteElo "1861"]
[BlackElo "1864"]
[PlyCount "95"]
[EventDate "2018.??.??"]

1. c4 e6 2. Nf3 d5 3. cxd5 exd5 4. g3 Nf6 5. Bg2 Be7 6. b3 O-O 7. Bb2 c5 8. d3
Nc6 9. O-O Bf5 10. Nbd2 Qd7 11. Rc1 b6 12. Re1 Rad8 13. Ne5 Nxe5 14. Bxe5 Bh3
15. d4 Bxg2 16. Kxg2 Ng4 17. Nf3 Nxe5 18. Nxe5 Qe6 19. Nf3 f5 20. e3 Qh6 21.
dxc5 bxc5 22. h4 Kh8 23. Re2 Qb6 24. Rd2 Qb7 25. Kg1 d4 26. exd4 f4 27. g4 cxd4
28. Rc4 Qb6 29. Rdxd4 Bf6 30. Rxd8 Rxd8 31. Qc1 Qe6 32. Qxf4 Rd1+ 33. Kg2 h6
34. Qe4 Qd7 35. Qc6 Qf7 36. Qa8+ Rd8 37. Rc8 Rxc8 38. Qxc8+ Kh7 39. Qf5+ g6 40.
Qe4 Kg7 41. g5 hxg5 42. hxg5 Bb2 43. Qc2 Ba3 44. Qc3+ Kh7 45. Qd4 Kg8 46. Ne5
Qb7+ 47. f3 Qe7 48. Qd5+ 1-0

[Event "KP 2017-18, Lipa B - Jaromer"]
[Site "?"]
[Date "2018.01.21"]
[Round "6.8"]
[White "Boruvka, Milan"]
[Black "Barvinek, Milan"]
[Result "1/2-1/2"]
[WhiteElo "1867"]
[BlackElo "1839"]
[PlyCount "43"]
[EventDate "2018.??.??"]

1. e4 e5 2. Nf3 Nc6 3. Bc4 Bc5 4. c3 Nf6 5. d4 exd4 6. cxd4 Bb4+ 7. Bd2 Bxd2+
8. Nbxd2 d5 9. exd5 Nxd5 10. O-O O-O 11. Re1 Be6 12. Rc1 Qf6 13. Ne4 Qg6 14.
Ng3 Rad8 15. Ne5 Nxe5 16. Rxe5 Nf4 17. Bxe6 Nxe6 18. d5 Qf6 19. Qe1 Nf4 20. Rd1
Ng6 21. Re2 Nf4 22. Re5 1/2-1/2

[Event "KP 2017-18, Nachod B - Lazne Belohrad"]
[Site "?"]
[Date "2018.01.21"]
[Round "6.1"]
[White "Semerak, Pavel"]
[Black "Sveda, Lubomir"]
[Result "1/2-1/2"]
[WhiteElo "1986"]
[BlackElo "1881"]
[PlyCount "80"]
[EventDate "2018.01.21"]

1. e4 e6 2. d4 d5 3. Nc3 Nf6 4. Bg5 Be7 5. e5 Nfd7 6. Bxe7 Qxe7 7. Bd3 a6 8.
Qg4 g6 9. Nce2 Qb4+ 10. c3 Qxb2 11. Rb1 Qxa2 12. Nf3 Qa3 13. O-O Qe7 14. h4 b5
15. h5 Nf8 16. Nf4 Nc6 17. Rfe1 Bd7 18. Ra1 Nd8 19. Reb1 c6 20. h6 Nb7 21. Nh5
Kd8 22. Nf6 Be8 23. Ng5 Nd7 24. Nfxh7 Nf8 25. Nxf8 Qxf8 26. h7 Qg7 27. c4 dxc4
28. Bxc4 Bd7 29. Qf4 Ke7 30. Bd3 a5 31. g3 Raf8 32. Kg2 f6 33. exf6+ Qxf6 34.
Qxf6+ Rxf6 35. f4 a4 36. Rh1 Nd6 37. Nf3 Be8 38. Kf2 Kf7 39. Ng5+ Kg7 40. Rhe1
Bd7 1/2-1/2

[Event "KP 2017-18, Nachod B - Lazne Belohrad"]
[Site "?"]
[Date "2018.01.21"]
[Round "6.2"]
[White "Nalevka, Petr"]
[Black "Nyvlt, Otto"]
[Result "1-0"]
[WhiteElo "2062"]
[BlackElo "1978"]
[PlyCount "57"]
[EventDate "2018.01.21"]

1. d4 Nf6 2. c4 e6 3. Nf3 d5 4. Nc3 Be7 5. Bg5 Nbd7 6. e3 c6 7. Rc1 O-O 8. a3
a6 9. cxd5 exd5 10. Bd3 Ne4 11. Bxe4 dxe4 12. Nxe4 f6 13. Bf4 Nb6 14. O-O g5
15. Bg3 f5 16. Qb3+ Nd5 17. Nc5 f4 18. e4 fxg3 19. hxg3 Bxc5 20. Rxc5 b6 21.
Rxc6 Bb7 22. Rcc1 Kg7 23. exd5 Bxd5 24. Qe3 Rf5 25. g4 Rf4 26. Qe5+ Kh6 27. Rc7
Qg8 28. Qd6+ Qe6 29. Qxe6+ 1-0

[Event "KP 2017-18, Nachod B - Lazne Belohrad"]
[Site "?"]
[Date "2018.01.21"]
[Round "6.3"]
[White "Pinkava, Josef"]
[Black "Korinek, Pavel"]
[Result "1-0"]
[WhiteElo "1856"]
[BlackElo "1955"]
[PlyCount "57"]
[EventDate "2018.01.21"]

1. e4 e5 2. Nf3 Nc6 3. d4 exd4 4. Nxd4 Qf6 5. Nb3 Qe6 6. Be2 Nf6 7. N1d2 Be7 8.
O-O O-O 9. Bc4 Qd6 10. f4 Qb4 11. c3 Qb6+ 12. Kh1 d6 13. Be2 Be6 14. Bf3 Rab8
15. Qe2 Rfe8 16. g4 a5 17. Nc4 Qa6 18. Nbd2 d5 19. e5 Ne4 20. f5 Nxd2 21. Nxd2
Qxe2 22. Bxe2 Bd7 23. Nf3 g6 24. Bd3 Bc5 25. Bg5 Rbc8 26. Rad1 Ne7 27. e6 fxe6
28. Ne5 Bc6 29. f6 1-0